ნორმალური ფორმატი
MARC ფორმატი
ჩანაწერი Corporate Name
ჩანაწერთა რაოდენობა, რომელიც გამოყენებულია: 1
001 - CONTROL NUMBER
- control field: 12578
003 - CONTROL NUMBER IDENTIFIER
- control field: GE_BSU
005 - DATE AND TIME OF LATEST TRANSACTION
- control field: 20211004120136.0
008 - FIXED-LENGTH DATA ELEMENTS
- fixed length control field: 211004|| aca||aabn | a|a d
040 ## - CATALOGING SOURCE
- Original cataloging agency: GE_BSU
- Transcribing agency: GE_BSU
110 ## - HEADING--CORPORATE NAME
- Corporate name or jurisdiction name as entry element: საქ. სსრ მეცნ. აკად., ისტორიის, არქეოლ. და ეთნოგრ. ინ-ტი.
670 ## - SOURCE DATA FOUND
- Source citation: Work cat.: (GE_BSU)34466: აბდალაძე, ალესანდრე 12577, ამიერკავკასიის პოლიტიკურ ერთეულთა ურთიერთობა IX-XI საუკუნეებში
